Atentáty na peniaze

Pojem falšovateľstvo, jeho história. Spôsob ako možno rozpoznať falošnú euro bankovku a jej ochranné symboly. Štatistické údaje falšovania eura. Legislatíva a jej postihy proti falšovateľom.

Saved in:
Bibliographic Details
Main Author: Lennerová, Ivana, 1979-
Format: Book Chapter
Language:Slovak
Subjects:
Tags: Add Tag
No Tags, Be the first to tag this record!

MARC

LEADER 00000nla$a2200000$$$4500
001 0124631
005 20240502072418.3
041 0 |a slo 
044 |a SK 
245 1 0 |a Atentáty na peniaze  |c Ivana Lennerová 
520 |a Pojem falšovateľstvo, jeho história. Spôsob ako možno rozpoznať falošnú euro bankovku a jej ochranné symboly. Štatistické údaje falšovania eura. Legislatíva a jej postihy proti falšovateľom. 
610 2 0 |a falzifikáty 
610 2 0 |a euro 
610 2 0 |a peniaze 
610 2 0 |a euromena 
610 2 0 |a činnosť trestná 
610 2 0 |a legislatíva 
610 2 0 |a história 
610 2 0 |a Slovensko 
100 1 |a Lennerová, Ivana, 1979-